Wiley cpa examination review 2001 : (Record no. 7402)

MARC details
000 -LEADER
fixed length control field 00608nam a22001937a 4500
003 - CONTROL NUMBER IDENTIFIER
control field OSt
005 - DATE AND TIME OF LATEST TRANSACTION
control field 20260115024517.0
008 - FIXED-LENGTH DATA ELEMENTS--GENERAL INFORMATION
fixed length control field 260115b |||||||| |||| 00| 0 eng d
020 ## - INTERNATIONAL STANDARD BOOK NUMBER
International Standard Book Number 0-471-39790-3
040 ## - CATALOGING SOURCE
Original cataloging agency DWCL-Admin lib
Transcribing agency OC
082 ## - DEWEY DECIMAL CLASSIFICATION NUMBER
Classification number Res. 657 D373w 2001
100 ## - MAIN ENTRY--PERSONAL NAME
Personal name Delaney, Patrick R.
245 ## - TITLE STATEMENT
Title Wiley cpa examination review 2001 :
Remainder of title financial accounting and reporting business enterprises /
Statement of responsibility, etc. Patrick R. Delaney
260 ## - PUBLICATION, DISTRIBUTION, ETC.
Name of publisher, distributor, etc. John Wiley and Sons, inc.
300 ## - PHYSICAL DESCRIPTION
Extent 800 p. ;
Dimensions 28 cm.
504 ## - BIBLIOGRAPHY, ETC. NOTE
Bibliography, etc. note Includes index
700 ## - ADDED ENTRY--PERSONAL NAME
Personal name Hopkins, Debra R.
942 ## - ADDED ENTRY ELEMENTS (KOHA)
Source of classification or shelving scheme Dewey Decimal Classification
Koha item type Book- Reserved
Classification part Res.
Suppress in OPAC No
952 ## - LOCATION AND ITEM INFORMATION (KOHA)
--
Holdings
Withdrawn status Lost status Source of classification or shelving scheme Damaged status Not for loan Home library Current library Shelving location Date acquired Source of acquisition Total Checkouts Full call number Barcode Date last seen Copy number Price effective from Koha item type Uniform Resource Identifier
    Dewey Decimal Classification     College Library College Library Reserved 02/04/2003 School Fund   Res. 657 D373w 2001 37065 01/15/2026 c1 01/15/2026 BK-0 CIRC